000 00703nam a2200253Ia 4500
003 OSt
005 20220918195145.0
006 a|||||r|||| 00| 0
007 ta
008 220917b |||||||| |||| 00| 0 eng d
024 _a83,760
037 _cTextual
040 _aARTS
_cARTS
_beng
041 _2eng
_aeng
082 _aS63:43, K2;K3-;1 (SD)
100 _aWellington John H ed
_989289
245 0 _aSouth west africa and human issues
260 _c1967
300 _a461p.
_ccm.
490 _aMcgraw Hill series in psychology ed by Harry F Harlow
650 _aPSYCHOLOGY
942 _hS63:43, K2;K3-;1 (SD)
_cTEXL
_2CC
999 _c207474
_d207474